|
|
|
|
| LEADER |
00000cam a2200000 7i4500 |
| 001 |
0000242529 |
| 005 |
20201201125959.0 |
| 020 |
|
|
|a 9781538711941
|
| 090 |
0 |
0 |
|a 813
|b STE
|
| 100 |
1 |
|
|a Stern, Amanda
|
| 245 |
1 |
0 |
|a Little panic :
|b dispatches from an anxious life
|c Amanda Stern
|
| 260 |
|
|
|a New York :
|b Grand Central Publishing ,
|c 2018
|
| 300 |
|
|
|a 396p. ;
|c 20cm.
|
| 600 |
1 |
0 |
|a Stern, Amanda
|
| 650 |
|
0 |
|a Authors, Australian
|y 21st century
|v Biography
|
| 650 |
|
0 |
|a Panic disorders
|x Patients
|x Biography
|
| 999 |
|
|
|a 00380757
|b BUKU
|c PINJAMAN
|e PERPUSTAKAAN KOMUNITI CAW BANDAR UTAMA
|